Fasa bioekonomi menggalakkan : (Record no. 4633)

MARC details
000 -LEADER
fixed length control field 00907nab a2200265u 4500
001 - CONTROL NUMBER
control field 07309
003 - CONTROL NUMBER IDENTIFIER
control field HDC
007 - PHYSICAL DESCRIPTION FIXED FIELD--GENERAL INFORMATION
fixed length control field c| |||a|c|aaaa
008 - FIXED-LENGTH DATA ELEMENTS--GENERAL INFORMATION
fixed length control field 210127b20160229my ||||| |||| 00| 0 may d
040 ## - CATALOGING SOURCE
Original cataloging agency HDC
100 ## - MAIN ENTRY--PERSONAL NAME
Personal name Ashriq Fahmy Ahmad /
Relator term author
9 (RLIN) 7819
245 #0 - TITLE STATEMENT
Title Fasa bioekonomi menggalakkan :
Remainder of title BiotechCorp terus pacu perkembangan dalam fasa kedua dasar bioteknologi /
Statement of responsibility, etc. Ashriq Fahmy Ahmad
336 ## - CONTENT TYPE
Content type term text
Source rdacontent
337 ## - MEDIA TYPE
Media type term computer
Source rdamedia
338 ## - CARRIER TYPE
Carrier type term online resource
Source rdacarrier
650 ## - SUBJECT ADDED ENTRY--TOPICAL TERM
Topical term or geographic name entry element bio economy
9 (RLIN) 7821
650 ## - SUBJECT ADDED ENTRY--TOPICAL TERM
Topical term or geographic name entry element biotechCorp
9 (RLIN) 7820
650 ## - SUBJECT ADDED ENTRY--TOPICAL TERM
Topical term or geographic name entry element biotechnology
9 (RLIN) 343
650 ## - SUBJECT ADDED ENTRY--TOPICAL TERM
Topical term or geographic name entry element discovery
9 (RLIN) 7818
710 ## - ADDED ENTRY--CORPORATE NAME
Corporate name or jurisdiction name as entry element Utusan Malaysia
856 ## - ELECTRONIC LOCATION AND ACCESS
Public note Request full-text at [email protected]
942 ## - ADDED ENTRY ELEMENTS (KOHA)
Source of classification or shelving scheme Library of Congress Classification
942 ## - ADDED ENTRY ELEMENTS (KOHA)
Koha item type Newspaper Articles
942 ## - ADDED ENTRY ELEMENTS (KOHA)
Call number prefix NWSC 001368
Holdings
Withdrawn status Lost status Source of classification or shelving scheme Damaged status Not for loan Home library Current library Shelving location Date acquired Total checkouts Full call number Date last seen Price effective from Koha item type
    Library of Congress Classification     Halal Development Corporation Library Halal Development Corporation Library Open Shelves 24/05/2023   NWSC 001368 24/05/2023 24/05/2023 Newspaper Articles
Halal Development Corporation Berhad (HDC)
5.02 Level 5, KPMG Tower, First Avenue, Persiaran Bandar Utama, 47800 Petaling Jaya, Selangor Darul Ehsan
Phone: +603 7965 5489 Email: [email protected]